1999 victory without war / (Record no. 124065)

MARC details
000 -LEADER
fixed length control field 00815nam a22002537a 4500
003 - CONTROL NUMBER IDENTIFIER
control field dpl
005 - DATE AND TIME OF LATEST TRANSACTION
control field 20170124105934.0
008 - FIXED-LENGTH DATA ELEMENTS--GENERAL INFORMATION
fixed length control field 161130b xxu||||| |||| 00| 0 eng d
010 ## - LIBRARY OF CONGRESS CONTROL NUMBER
LC control number A-370783
020 ## - INTERNATIONAL STANDARD BOOK NUMBER
Terms of availability 00.00
035 ## - SYSTEM CONTROL NUMBER
System control number A-370783
037 ## - SOURCE OF ACQUISITION
Source of stock number/acquisition Cen Lib/Ret
040 ## - CATALOGING SOURCE
Original cataloging agency DPL
Language of cataloging EN
Transcribing agency tit
082 ## - DEWEY DECIMAL CLASSIFICATION NUMBER
Classification number 327.73047
Item number NIX
100 ## - MAIN ENTRY--PERSONAL NAME
Personal name Nixon, Richard
9 (RLIN) 9166
245 ## - TITLE STATEMENT
Title 1999 victory without war /
Statement of responsibility, etc by Richard Nixon
260 ## - PUBLICATION, DISTRIBUTION, ETC. (IMPRINT)
Place of publication, distribution, etc London
Name of publisher, distributor, etc Sidgwick and Jackson
Date of publication, distribution, etc 1988
270 ## - ADDRESS
Address 1 Tavistock Chambers, Bloomsbury way
City London
300 ## - PHYSICAL DESCRIPTION
Extent xi,336p.
Dimensions 22cm(Hb)
500 ## - GENERAL NOTE
General note Includes bibliographic references and index
650 ## - SUBJECT ADDED ENTRY--TOPICAL TERM
Topical term or geographic name as entry element United States -- Foreign relations -- 1989
9 (RLIN) 9167
650 ## - SUBJECT ADDED ENTRY--TOPICAL TERM
Topical term or geographic name as entry element United States -- Foreign relations -- 1981-1989
9 (RLIN) 9168
942 ## - ADDED ENTRY ELEMENTS (KOHA)
Source of classification or shelving scheme Dewey Decimal Classification
Koha item type English Books
Classification part 327.73
Call number suffix NIC
Holdings
Withdrawn status Lost status Damaged status Not for loan Home library Current library Date acquired Source of acquisition Cost, normal purchase price Total Checkouts Full call number Barcode Date last seen Copy number Cost, replacement price Price effective from Koha item type Public note
Written off       Central Library Central Library 13/06/2015 Cen Lib/Ret 0.00   327.73047 NIX A-370783 13/06/2015 1 0.00 13/06/2015 English Books W/d List No. 6888/ 15; dtd 09/09/2020

© Delhi Public Library
Hit Counter
free hit counter